Aprendiendo sobre los acuerdos comerciales. Taller Promoviendo la participación de las mujeres en el corredor del diálogo: memoria

Este documento, elaborado por la Fundación Arias para la Paz, junto con la Asociación Latinoamericana de Organizaciones de Promoción y la Iniciativa Mesoamericana de Comercio, Integración y Desarrollo, presenta los resultados de las actividades enmarcadas en la Iniciativa El Corredor del Diálogo. Es...

Descrizione completa

Salvato in:
Dettagli Bibliografici
Natura: testo
Pubblicazione: Fundación Arias para la Paz y el Progreso Humano
Soggetti:
Tags: Aggiungi Tag
Nessun Tag, puoi essere il primo ad aggiungerne!!

MARC

LEADER 00000 a a2200000 04500
001 31285
003
040
090 |a 0001 A654a  
245 |a Aprendiendo sobre los acuerdos comerciales. Taller Promoviendo la participación de las mujeres en el corredor del diálogo: memoria  
260 |b Fundación Arias para la Paz y el Progreso Humano  
300 |a 123 p.  
300 |b il.   |b map.  
520 |a Este documento, elaborado por la Fundación Arias para la Paz, junto con la Asociación Latinoamericana de Organizaciones de Promoción y la Iniciativa Mesoamericana de Comercio, Integración y Desarrollo, presenta los resultados de las actividades enmarcadas en la Iniciativa El Corredor del Diálogo. Esta iniciativa se dirige a promover la participación activa de las mujeres organizadas y la incorporación del enfoque de género en las discusiones regionales relativas al Plan Puebla Panamá y los Acuerdos de Libre Comercio, a fin de garantizar que sus necesidades e intereses sean incorporados y se contribuya a la disminución de las brechas de género en Centroamérica  
650 |a ACUERDOS ECONOMICOS  
650 |a TLC  
650 |a TOMA DE DECISIONES  
650 |a PARTICIPACION DE LA MUJER  
650 |a DISCUSION EN GRUPO  
650 |a ANALISIS REGIONAL  
650 |a AMERICA CENTRAL  
999 |c 14195  |d 14195